000 00735nas a2200241 4500
001 BR9508362
003 BR-BrBNA
005 20231205095456.0
007 ta
008 230509b bl.|||p| |||| 00| 00por d
040 _aBR-BrBNA
_bpor
_cBiblioteca Nacional de Agricultura
041 _a(Pt)
072 _aE16
100 1 _aNeves, E.M.
100 1 _aPellegrini, L.M.
100 1 _aAmaral, G. do
245 1 _aAspectos economicos da cultura de pimentao no Vale do Paraiba, Sao Paulo, 1971
650 _aPimentao
650 _aCusto de Producao
773 0 _tAgricultura em Sao Paulo (Brazil)
_xISSN 0044-6793
_g(May-Jun 1971), v. 18(5-6) p. 1-26
_wBR9508362
909 _a202311
_bLúcia
_c55
_dLúcia Elande
942 _2AGRIS
_n0
_cANA
999 _c150920
_d150920